[Event "Gdansk op 12th "]
[Site "Gdansk"]
[Date "2010.07.23"]
[Round "8"]
[White "Pioch, Zygmunt"]
[Black "Wodzynski, Michal"]
[Result "1/2-1/2"]
[WhiteElo "2171"]
[BlackElo "1971"]
[PlyCount "36"]
[EventDate "2010.07.17"]
[EventType "swiss"]
[EventRounds "9"]
[EventCountry "POL"]
[SourceTitle "EXT 2011"]
[Source "ChessBase"]
[SourceDate "2010.11.26"]
[SourceVersion "1"]
[SourceVersionDate "2010.11.26"]
[SourceQuality "1"]

1. e4 e5 2. Nf3 Nc6 3. Bb5 a6 4. Ba4 Nf6 5. 0-0 b5 6. Bb3 Be7 7. Re1 0-0 8. d3 d6 9. c3 Na5 10. Bc2 c5 11. Nbd2 Qc7 12. Nf1 Rb8 13. a3 b4 14. axb4 cxb4 15. Ne3 bxc3 16. bxc3 Nb7 17. Nc4 Be6 18. Nfd2 Nc5 1/2-1/2

[Event "Gdansk op 12th "]
[Site "Gdansk"]
[Date "2010.07.18"]
[Round "3"]
[White "Khamitskiy, Sergei"]
[Black "Wodzynski, Michal"]
[Result "1-0"]
[WhiteElo "2340"]
[BlackElo "1971"]
[PlyCount "83"]
[EventDate "2010.07.17"]
[EventType "swiss"]
[EventRounds "9"]
[EventCountry "POL"]
[SourceTitle "EXT 2011"]
[Source "ChessBase"]
[SourceDate "2010.11.26"]
[SourceVersion "1"]
[SourceVersionDate "2010.11.26"]
[SourceQuality "1"]

1. d4 d5 2. c4 e5 3. dxe5 d4 4. Nf3 Nc6 5. a3 Bg4 6. Nbd2 Nge7 7. Qb3 Qd7 8. Qxb7 Rb8 9. Qa6 Ng6 10. g3 Be7 11. Bg2 0-0 12. Qa4 Ngxe5 13. Nxe5 Nxe5 14. Qxd7 Nxd7 15. b4 c5 16. b5 Nb6 17. Bb2 Na4 18. Bc1 Nb6 19. Be4 Bg5 20. Bd3 Rfe8 21. Ne4 Bxc1 22. Rxc1 f5 23. Nxc5 Rbc8 24. Nb3 Bxe2 25. Kd2 Bxd3 26. Kxd3 Red8 27. Rhe1 Rc7 28. Re5 g6 29. c5 Na4 30. c6 Kf7 31. Nxd4 Nb2+ 32. Ke3 Rd6 33. Rc2 Na4 34. Nb3 Nb6 35. Ke2 Nd5 36. Rd2 Nc3+ 37. Ke3 Rxd2 38. Nxd2 Kf6 39. f4 Re7 40. Kd4 Ne2+ 41. Rxe2 Rxe2 42. c7 1-0

[Event "Znin op"]
[Site "Znin"]
[Date "2010.06.30"]
[Round "7"]
[White "Huseynov, Vusal Elman"]
[Black "Wodzynski, Michal"]
[Result "1-0"]
[WhiteElo "2100"]
[BlackElo "1959"]
[PlyCount "42"]
[EventDate "2010.06.27"]
[EventType "swiss"]
[EventRounds "9"]
[EventCountry "POL"]
[SourceTitle "CBM 137 Extra"]
[Source "ChessBase"]
[SourceDate "2010.09.01"]
[SourceVersion "1"]
[SourceVersionDate "2010.09.01"]
[SourceQuality "1"]

1. e4 e5 2. Bc4 Nc6 3. Nf3 Nf6 4. d3 Bc5 5. 0-0 d6 6. c3 Bg4 7. a4 a5 8. Bb3 h6 9. Nbd2 g5 10. Nc4 Qd7 11. Re1 0-0-0 12. Be3 Bxe3 13. Nxe3 Ne7 14. Bc4 Bh5 15. b4 axb4 16. cxb4 c6 17. b5 d5 18. bxc6 bxc6 19. exd5 Nexd5 20. Nxd5 Nxd5 21. Ba6+ Kc7 1-0

[Event "Znin op"]
[Site "Znin"]
[Date "2010.06.30"]
[Round "6"]
[White "Wodzynski, Michal"]
[Black "Haja, Jacek"]
[Result "1-0"]
[WhiteElo "1959"]
[BlackElo "1778"]
[PlyCount "82"]
[EventDate "2010.06.27"]
[EventType "swiss"]
[EventRounds "9"]
[EventCountry "POL"]
[SourceTitle "CBM 137 Extra"]
[Source "ChessBase"]
[SourceDate "2010.09.01"]
[SourceVersion "1"]
[SourceVersionDate "2010.09.01"]
[SourceQuality "1"]

1. e4 e5 2. Nf3 Nc6 3. Bc4 Nf6 4. d4 exd4 5. e5 d5 6. Bb5 Bb4+ 7. c3 Qe7 8. Bxc6+ bxc6 9. cxb4 Qxb4+ 10. Qd2 Qxd2+ 11. Bxd2 Ne4 12. Nxd4 c5 13. Nb5 Kd7 14. N5c3 Nxc3 15. Nxc3 d4 16. Na4 c4 17. Rc1 Re8 18. 0-0 Rxe5 19. Rxc4 Rd5 20. Rfc1 Ke8 21. Rxc7 Be6 22. Nc5 Bf5 23. Re1+ Kf8 24. Ree7 Bg6 25. Red7 Rd8 26. Rxd8+ Rxd8 27. Rxa7 Ke8 28. b4 Rc8 29. a4 h6 30. a5 Bb1 31. a6 Ba2 32. Rb7 Bd5 33. Rb6 Rc7 34. Nb7 Rc2 35. a7 Ra2 36. h3 Rxa7 37. Nd6+ Kd7 38. Nf5 Kc7 39. Rb5 Ra1+ 40. Kh2 Be4 41. Nxd4 g5 1-0

[Event "Ostroda op 6th"]
[Site "Ostroda"]
[Date "2009.08.10"]
[Round "5"]
[White "Dzionk, Agata"]
[Black "Wodzynski, Michal"]
[Result "1-0"]
[WhiteElo "1861"]
[BlackElo "1996"]
[PlyCount "55"]
[EventDate "2009.08.07"]
[EventType "swiss"]
[EventRounds "9"]
[EventCountry "POL"]
[SourceTitle "EXT 2011"]
[Source "ChessBase"]
[SourceDate "2010.11.26"]
[SourceVersion "1"]
[SourceVersionDate "2010.11.26"]
[SourceQuality "1"]

1. e4 e5 2. f4 exf4 3. Nf3 d5 4. exd5 Bd6 5. d4 Nf6 6. Qe2+ Kf8 7. c4 c5 8. dxc5 Bxc5 9. Bxf4 b5 10. Nc3 bxc4 11. Qxc4 Qb6 12. 0-0-0 Ba6 13. Qa4 Bxf1 14. Rhxf1 Nbd7 15. Qc6 Be3+ 16. Bxe3 Qxe3+ 17. Rd2 Rb8 18. Qd6+ Qe7 19. Qxe7+ Kxe7 20. d6+ Kd8 21. Nd4 Rb6 22. Nf5 g6 23. Nh6 Rf8 24. Re1 Ne8 25. Ne4 Rc6+ 26. Kb1 Ndf6 27. Ng5 Nxd6 28. Nhxf7+ 1-0

[Event "Ostroda op 6th"]
[Site "Ostroda"]
[Date "2009.08.09"]
[Round "4"]
[White "Wodzynski, Michal"]
[Black "Kapica, Pawel"]
[Result "1-0"]
[WhiteElo "1996"]
[BlackElo "1869"]
[PlyCount "61"]
[EventDate "2009.08.07"]
[EventType "swiss"]
[EventRounds "9"]
[EventCountry "POL"]
[SourceTitle "EXT 2011"]
[Source "ChessBase"]
[SourceDate "2010.11.26"]
[SourceVersion "1"]
[SourceVersionDate "2010.11.26"]
[SourceQuality "1"]

1. e4 c5 2. Nf3 d6 3. d4 cxd4 4. Qxd4 Nc6 5. Bb5 Bd7 6. Bxc6 Bxc6 7. Nc3 Nf6 8. Bg5 e6 9. 0-0-0 Be7 10. Rhe1 0-0 11. Kb1 Qc7 12. Qd3 Rfd8 13. Nd4 Rac8 14. f4 h6 15. h4 b5 16. e5 dxe5 17. fxe5 hxg5 18. hxg5 Nd5 19. Rh1 Nxc3+ 20. bxc3 Bxg5 21. Qh7+ Kf8 22. Nxe6+ fxe6 23. Rdf1+ Qf7 24. Rxf7+ Kxf7 25. Rf1+ Ke8 26. Qg6+ Kd7 27. Qxg5 Bd5 28. Rf7+ Kc6 29. Qe7 a6 30. Qb7+ Kc5 31. Rc7+ 1-0

[Event "Chojnice op-B"]
[Site "Chojnice"]
[Date "2009.07.17"]
[Round "9"]
[White "Wodzynski, Michal"]
[Black "Szatan, Rafal"]
[Result "0-1"]
[WhiteElo "1996"]
[BlackElo "1925"]
[PlyCount "100"]
[EventDate "2009.07.11"]
[EventType "swiss"]
[EventRounds "9"]
[EventCountry "POL"]
[SourceTitle "EXT 2011"]
[Source "ChessBase"]
[SourceDate "2010.11.26"]
[SourceVersion "1"]
[SourceVersionDate "2010.11.26"]
[SourceQuality "1"]

1. e4 g6 2. d4 Bg7 3. f4 d6 4. Nf3 Nf6 5. Bd3 c5 6. e5 Ng4 7. c3 0-0 8. 0-0 Qb6 9. Na3 cxd4 10. Nc4 Qc7 11. cxd4 d5 12. Ne3 Nxe3 13. Bxe3 Qb6 14. Qe2 Nc6 15. Rad1 Bd7 16. a3 Na5 17. f5 Nc4 18. Bxc4 dxc4 19. d5 Qa6 20. e6 Bb5 21. Nd4 Bxd4 22. Bxd4 f6 23. fxg6 hxg6 24. Qg4 Kg7 25. Rf3 Qd6 26. Rg3 Be8 27. h4 Rh8 28. Kf2 Kf8 29. h5 Rxh5 30. Be3 Rc8 31. Rh3 Qe5 32. d6 Qf5+ 33. Qxf5 Rxf5+ 34. Ke2 exd6 35. Rxd6 Ke7 36. Rd1 Kxe6 37. Bxa7 Bc6 38. g4 Rf4 39. Re3+ Re4 40. Rxe4+ Bxe4 41. Ke3 Bd5 42. Kf4 g5+ 43. Kg3 c3 44. Re1+ Kf7 45. bxc3 Rxc3+ 46. Re3 Rc4 47. Bb8 Be6 48. Bd6 Rxg4+ 49. Kf3 Rc4 50. Bb4 f5 0-1

[Event "Chelmza op-A"]
[Site "Chelmza"]
[Date "2009.06.24"]
[Round "6"]
[White "Wodzynski, Michal"]
[Black "Gorniewicz, Oskar"]
[Result "1/2-1/2"]
[WhiteElo "1996"]
[BlackElo "1844"]
[PlyCount "29"]
[EventDate "2009.06.20"]
[EventType "swiss"]
[EventRounds "9"]
[EventCountry "POL"]
[SourceTitle "EXT 2012"]
[Source "ChessBase"]
[SourceDate "2011.11.24"]
[SourceVersion "1"]
[SourceVersionDate "2011.11.24"]
[SourceQuality "1"]

1. e4 e5 2. Nf3 Nc6 3. Bb5 a6 4. Ba4 Nf6 5. 0-0 Nxe4 6. Re1 d5 7. d4 Bd6 8. Nxe5 0-0 9. Nxc6 Bxh2+ 10. Kxh2 Qh4+ 11. Kg1 Qxf2+ 12. Kh2 Qh4+ 13. Kg1 Qf2+ 14. Kh2 Qh4+ 15. Kg1 1/2-1/2

[Event "Chelmza op-A"]
[Site "Chelmza"]
[Date "2009.06.20"]
[Round "1"]
[White "Socha, Roksana"]
[Black "Wodzynski, Michal"]
[Result "0-1"]
[WhiteElo "1499"]
[BlackElo "1996"]
[PlyCount "82"]
[EventDate "2009.06.20"]
[EventType "swiss"]
[EventRounds "9"]
[EventCountry "POL"]
[SourceTitle "EXT 2012"]
[Source "ChessBase"]
[SourceDate "2011.11.24"]
[SourceVersion "1"]
[SourceVersionDate "2011.11.24"]
[SourceQuality "1"]

1. e4 e5 2. Nf3 Nc6 3. Bc4 Nf6 4. Nc3 Nxe4 5. Bxf7+ Kxf7 6. Nxe4 d5 7. Nfg5+ Ke8 8. Qf3 Qe7 9. 0-0 dxe4 10. Nxe4 Nd4 11. Qd3 Bf5 12. c3 Bxe4 13. Qxe4 Nc6 14. f4 g6 15. d3 Bg7 16. Bd2 Rf8 17. fxe5 Qxe5 18. Rxf8+ Kxf8 19. Rf1+ Kg8 20. Qxe5 Nxe5 21. d4 Nc4 22. Bc1 Re8 23. b3 Nd6 24. Bd2 Re2 25. Rf2 Rxf2 26. Kxf2 Ne4+ 27. Ke2 Nxd2 28. Kxd2 Kf7 29. Ke3 c5 30. Kd3 cxd4 31. cxd4 Ke6 32. Ke4 a5 33. a4 Bf6 34. h3 h5 35. g3 b6 36. g4 hxg4 37. hxg4 Kd6 38. Kd3 Kd5 39. Kc3 Bxd4+ 40. Kd3 g5 41. Kd2 Ke4 0-1

[Event "POL-chT4 Kujawsko Pomorskie 0809"]
[Site "Poland"]
[Date "2009.03.15"]
[Round "9.25"]
[White "Hetmanski, Waldemar"]
[Black "Wodzynski, Michal"]
[Result "0-1"]
[WhiteElo "1918"]
[BlackElo "1967"]
[PlyCount "36"]
[EventDate "2008.11.09"]
[EventType "team-tourn"]
[EventRounds "9"]
[EventCountry "POL"]
[SourceTitle "EXT 2019"]
[Source "ChessBase"]
[SourceDate "2018.10.10"]
[SourceVersion "1"]
[SourceVersionDate "2018.10.10"]
[SourceQuality "1"]

1. d4 d5 2. Nf3 f5 3. c4 e6 4. cxd5 exd5 5. Nc3 Nf6 6. Bg5 c6 7. Bxf6 Qxf6 8. e3 Bd6 9. Be2 0-0 10. 0-0 Nd7 11. Rb1 g5 12. b4 Qh6 13. g3 f4 14. e4 g4 15. Nh4 f3 16. Bd3 Be7 17. Nf5 Rxf5 18. exf5 Qh3 0-1

[Event "Ostroda op 5th"]
[Site "Ostroda"]
[Date "2008.08.09"]
[Round "8.2"]
[White "Wodzynski, Michal"]
[Black "Zarebski, Cezary"]
[Result "0-1"]
[WhiteElo "1929"]
[BlackElo "2036"]
[PlyCount "112"]
[EventDate "2008.08.04"]
[EventType "swiss"]
[EventRounds "9"]
[EventCountry "POL"]
[SourceTitle "EXT 2023"]
[Source "ChessBase"]
[SourceDate "2022.10.05"]
[SourceVersion "1"]
[SourceVersionDate "2022.10.05"]
[SourceQuality "1"]

1. e4 e5 2. Nf3 d5 3. Nxe5 dxe4 4. d4 Be6 5. Be2 c6 6. 0-0 Bd6 7. f4 exf3 8. Nxf3 Nf6 9. c4 Qc7 10. c5 Be7 11. Nc3 h6 12. Be3 Ng4 13. Qd2 Nxe3 14. Qxe3 Nd7 15. Ne4 0-0 16. Bd3 Rad8 17. b3 Nf6 18. Nxf6+ Bxf6 19. Qe4 g6 20. Bc4 Bd5 21. Bxd5 Rxd5 22. Rad1 Bg7 23. Rfe1 Rfd8 24. Rd2 Qd7 25. Red1 Re8 26. Qc2 Qg4 27. Qc3 Red8 28. Kh1 Qf4 29. b4 g5 30. g3 Qe4 31. Re1 Qg4 32. Red1 Qd7 33. Qe3 Kf8 34. Kg2 Re8 35. Qd3 f5 36. Qc3 Re4 37. Qa3 a6 38. Qb3 f4 39. Qd3 Re3 40. Qg6 Qg4 41. Rf2 Re6 42. Qc2 Kg8 43. Ne5 Bxe5 44. Qe2 Qxe2 45. Rxe2 f3+ 46. Kxf3 Rf6+ 47. Ke4 Bc7 48. Kd3 Kg7 49. Rde1 Rdf5 50. Re8 Rf8 51. R8e6 R5f6 52. Re7+ R6f7 53. R7e6 Bd8 54. a4 Bf6 55. Kc4 Rd7 56. R1e4 Rfd8 0-1

[Event "Ostroda op 5th"]
[Site "Ostroda"]
[Date "2008.08.07"]
[Round "5.1"]
[White "Wodzynski, Michal"]
[Black "Malec, Robert"]
[Result "1-0"]
[WhiteElo "1929"]
[BlackElo "1789"]
[PlyCount "63"]
[EventDate "2008.08.04"]
[EventType "swiss"]
[EventRounds "9"]
[EventCountry "POL"]
[SourceTitle "EXT 2023"]
[Source "ChessBase"]
[SourceDate "2022.10.05"]
[SourceVersion "1"]
[SourceVersionDate "2022.10.05"]
[SourceQuality "1"]

1. e4 c5 2. Nf3 Nc6 3. d4 cxd4 4. Nxd4 Nf6 5. Nc3 e5 6. Ndb5 d6 7. Bg5 a6 8. Bxf6 gxf6 9. Na3 b5 10. Nd5 f5 11. Bd3 Be6 12. c3 Bxd5 13. exd5 Ne7 14. Nxb5 Rb8 15. Na3 Qa5 16. Nc4 Qxd5 17. Nxd6+ Qxd6 18. Bb5+ Nc6 19. Qxd6 Bxd6 20. Bxc6+ Ke7 21. 0-0-0 Rhc8 22. Bd5 a5 23. Rhe1 f6 24. Re3 h5 25. Rg3 Bc5 26. Rg7+ Ke8 27. Bf3 Bxf2 28. Bxh5+ Kf8 29. Rdd7 Be3+ 30. Kc2 Bc5 31. Rdf7+ Ke8 32. Rg8+ 1-0

[Event "Chojnice op-B 4th"]
[Site "Chojnice"]
[Date "2008.07.18"]
[Round "9"]
[White "Grajczak, Adrian"]
[Black "Wodzynski, Michal"]
[Result "1-0"]
[WhiteElo "1955"]
[BlackElo "1929"]
[PlyCount "61"]
[EventDate "2008.07.12"]
[EventType "swiss"]
[EventRounds "9"]
[EventCountry "POL"]
[SourceTitle "EXT 2018"]
[Source "ChessBase"]
[SourceDate "2017.10.13"]
[SourceVersion "1"]
[SourceVersionDate "2017.10.13"]
[SourceQuality "1"]

1. e4 e5 2. Nf3 Nc6 3. d4 exd4 4. c3 d5 5. exd5 Qxd5 6. cxd4 Bb4+ 7. Nc3 Nf6 8. Be2 Ne4 9. Bd2 Bxc3 10. bxc3 Bg4 11. 0-0 0-0 12. h3 Bh5 13. Rb1 Qxa2 14. Be1 b6 15. Bb5 Na5 16. c4 c6 17. Ra1 Qb2 18. Rxa5 cxb5 19. Rxb5 Qa2 20. Rxh5 Qxc4 21. Re5 f5 22. Bd2 h6 23. Qc1 Qf7 24. Bb4 Rfe8 25. Rxe8+ Rxe8 26. Ne5 Qh5 27. Qd1 Qg5 28. Qb3+ Kh7 29. Qf7 Rxe5 30. dxe5 f4 31. e6 1-0

[Event "Kujawsko Pomorskie-ch"]
[Site "Znin"]
[Date "2008.06.27"]
[Round "9"]
[White "Wodzynski, Michal"]
[Black "Zwolakiewicz, Krzysztof"]
[Result "1-0"]
[WhiteElo "1929"]
[BlackElo "2002"]
[PlyCount "45"]
[EventDate "2008.06.21"]
[EventType "swiss"]
[EventRounds "9"]
[EventCountry "POL"]
[SourceTitle "EXT 2018"]
[Source "ChessBase"]
[SourceDate "2017.10.13"]
[SourceVersion "1"]
[SourceVersionDate "2017.10.13"]
[SourceQuality "1"]

1. e4 c5 2. Nf3 e6 3. d4 cxd4 4. Nxd4 Nc6 5. Nc3 Qc7 6. Be3 a6 7. Be2 Nf6 8. 0-0 Bb4 9. f3 Bxc3 10. bxc3 Na5 11. Qd3 d5 12. Bg5 dxe4 13. fxe4 Nd7 14. Qh3 Nf8 15. Rf2 Ng6 16. Raf1 0-0 17. Bh5 b5 18. Bxg6 hxg6 19. e5 Nc4 20. Rf4 f5 21. exf6 gxf6 22. Bxf6 Ra7 23. Qh8+ 1-0